| 000 | 00708nam a2200193 a 4500 | ||
|---|---|---|---|
| 001 | 18411 | ||
| 005 | 20180713211708.0 | ||
| 008 | 140415s1995 mx 000 0 spa d | ||
| 041 | _aspa | ||
| 082 |
_a300.18 _bARI |
||
| 100 | 1 | _aARIAS GALICIA, FERNANDO | |
| 245 | 1 | 0 |
_aINTRODUCCION A LA METODOLOGIA DE INVESTIGACION EN CIENCIAS DE LA ADMINISTRACION Y DEL COMPORTAMIENTO : _bCONTABILIDAD, ECONOMIA, ADMINISTRACION, PSICOLOGIA, SOCIOLOGIA, TRABAJO SOCIAL |
| 250 | _a5a ed. | ||
| 260 |
_aMEXICO : _bTRILLAS, _c1995 |
||
| 300 | _a323 | ||
| 490 | _aBIBLIOTECA DE CIENCIAS DE LA ADMINI:BIBLIOTECA... | ||
| 650 | 1 | 4 |
_aADMINISTRACION _xINVESTIGACION |
| 700 | 1 |
_aFERNANDEZ ARENA, JOSE A. _eprĂ³l. |
|
| 999 |
_c18411 _d18411 |
||